La diferencia sexual en el análisis de videojuegos (Record no. 208638)

MARC details
000 -CABECERA
campo de control de longitud fija 01056nam a22002537a 4500
005 - FECHA Y HORA DE LA ÚLTIMA TRANSACCIÓN
campo de control 20260206064042.0
007 - CAMPO FIJO DE DESCRIPCIÓN FÍSICA--INFORMACIÓN GENERAL
campo de control de longitud fija cr |||aaa|||||
003 - IDENTIFICADOR DEL NÚMERO DE CONTROL
campo de control MX-MxUPN
008 - ELEMENTOS DE LONGITUD FIJA--INFORMACIÓN GENERAL
campo de control de longitud fija 220616s2004 sp|a|||fo|||| 00| 0 spa d
020 ## - NÚMERO INTERNACIONAL NORMALIZADO PARA LIBROS
Número Internacional Estándar del Libro 8468899690
040 ## - FUENTE DE LA CATALOGACIÓN
Centro catalogador/agencia de origen MX-MxUPN
Lengua de catalogación spa
Normas de descripción aacr2
Centro/agencia transcriptor MX-MxUPN
050 #4 - SIGNATURA TOPOGRÁFICA DE LA BIBLIOTECA DEL CONGRESO
Número de clasificación HQ1075
245 03 - MENCIÓN DE TÍTULO
Título La diferencia sexual en el análisis de videojuegos
Medio [recurso electrónico en línea]
260 ## - PUBLICACIÓN, DISTRIBUCIÓN, ETC.
Lugar de publicación, distribución, etc. [España] :
Nombre del editor, distribuidor, etc. Centro de Investigación y Documentación Educativa :
-- Instituto de la Mujer ,
Fecha de publicación, distribución, etc. [2004]
300 ## - DESCRIPCIÓN FÍSICA
Extensión 1 recurso en línea (468 páginas) :
Otras características físicas ilustraciones, PDF
500 ## - NOTA GENERAL
Nota general Es bibliografía básica de: Especialización de Género en Educación.
506 0# - NOTA DE RESTRICCIONES AL ACCESO
Limitaciones de acceso Acceso abierto.
588 0# - NOTA DE FUENTE DE LA DESCRIPCIÓN
Nota de fuente de la descripción Año de publicación tomada del registro de la obra en repositorio BULERIA.
610 #4 - ASIENTO SECUNDARIO DE MATERIA - NOMBRE CORPORATIVO
9 (RLIN) 45151
Nombre de entidad corporativa o nombre de jurisdicción como elemento de entrada Universidad Pedagógica Nacional (México).
Unidad subordinada Especialización de Género en Educación
650 #4 - ASIENTO SECUNDARIO DE MATERIA - TERMINO TEMATICO
Término de materia o nombre geográfico como elemento de entrada Videojuegos
9 (RLIN) 16045
650 #4 - ASIENTO SECUNDARIO DE MATERIA - TERMINO TEMATICO
Término de materia o nombre geográfico como elemento de entrada Diferencias sexuales
9 (RLIN) 14100
856 40 - LOCALIZACIÓN Y ACCESO ELECTRÓNICOS
Identificador Uniforme del Recurso <a href="http://hdl.handle.net/10612/3547">http://hdl.handle.net/10612/3547</a>
942 ## - ELEMENTOS DE PUNTO DE ACCESO ADICIONAL (KOHA)
Tipo de ítem Koha Libro Electrónico
Fuente del sistema de clasificación o colocación Library of Congress Classification
Holdings
Estado de retiro Estado de pérdida Fuente del sistema de clasificación o colocación Estado dañado No para préstamo Código de colección Localización permanente Ubicación/localización actual Ubicación en estantería Fecha de adquisición Clasificación Fecha visto por última vez Identificador Uniforme del Recurso Tipo de ítem Koha
    Library of Congress Classification     Acceso abierto Bib. Gregorio Torres Quintero Bib. Gregorio Torres Quintero En línea 16/06/2022 HQ1075 16/06/2022 http://hdl.handle.net/10612/3547 Libro Electrónico